|
|
|
|
| LEADER |
00908nam a2200241 a 4500 |
| 001 |
00026363 |
| 003 |
BD-DhAAL |
| 005 |
20220206104136.0 |
| 008 |
121224s2011 enka 000 0 eng d |
| 999 |
|
|
|c 13069
|d 13069
|
| 020 |
|
|
|a 9788125041580
|
| 040 |
|
|
|a BD-DhAAL
|c BD-DhAAL
|
| 082 |
0 |
4 |
|a 658.4052
|2 21
|
| 100 |
1 |
|
|a Laws, Anne.
|9 45460
|
| 245 |
1 |
0 |
|a Negotiations /
|c Anne Laws.
|
| 260 |
|
|
|a Oxford :
|b Summertown ;
|a Hyderabad :
|b Orient BlackSwan,
|c 2011
|
| 300 |
|
|
|a v, 155 pages:
|b illustrations ;
|c 22 cm.
|
| 490 |
|
|
|a The business skills series
|
| 541 |
|
|
|e 00026363
|
| 650 |
|
0 |
|a Negotiation in business.
|9 45461
|
| 852 |
1 |
|
|a Ayesha Abed Library
|j General shelf
|
| 942 |
|
|
|2 ddc
|c BK
|
| 952 |
|
|
|0 0
|1 0
|2 ddc
|4 0
|6 658_405200000000000_LAW
|7 0
|9 21728
|a BRACUL
|b BRACUL
|c GEN
|d 2012-12-24
|e ENH
|l 2
|o 658.4052 LAW
|p 3010026363
|r 2024-07-10
|s 2024-07-03
|t 1
|w 2012-12-24
|y BK
|x Transferred from ENH to Ayesha Abed library on 20/12/2023
|